Olivia Rodrigo - Devine la chanson sans indices #18 - Statistiques

Statistiques générales
  • Ce quiz a été pris 150 fois
  • Le résultat moyen est 107 sur 204
Statistiques - réponses
Paroles % Correct
I
98%
you
94%
You
94%
oh,
84%
Oh,
84%
the
72%
The
72%
your
68%
to
66%
do
64%
all
63%
me
63%
like
61%
Like
61%
Lacy,
60%
are
59%
my
59%
My
59%
And
57%
and
57%
on
57%
for
55%
that
54%
wear
54%
But
51%
I'm
51%
ever
50%
in
50%
of
50%
want
50%
it
49%
you're
49%
this
48%
care,
44%
care
44%
skin
44%
thing
44%
try,
44%
try
44%
Try
44%
one
43%
it's
42%
every
41%
get
41%
jealous
41%
see
41%
angel
40%
as
40%
time
40%
Aren't
39%
aren't
39%
Did
39%
got
39%
pastry
39%
sweetest
39%
eyes
38%
feel
38%
hair
38%
how
38%
could
37%
exist?
37%
hell?
37%
not
37%
puff
36%
side
36%
just
35%
well?
35%
Well,
35%
Dear
33%
life
33%
made
33%
much
33%
perfume
33%
tell
33%
everywhere
32%
People
32%
people
32%
they
32%
Yeah,
32%
compliments
31%
doing
31%
over
31%
ribbons
31%
torture
31%
dust
30%
bullets
29%
linger
29%
takes
29%
bear
28%
sexy
28%
lately
27%
little
27%
greatest
26%
reincarnate
26%
Watchin',
26%
daisies
25%
fell
25%
out
25%
rationalize
25%
Smart
25%
mind
24%
poison
24%
Bardot
23%
despise
23%
hard
23%
losing
23%
stomach's
23%
worships
23%
knots
21%
sight
21%
starlet,
20%
Dazzling
19%
plain
19%
white
18%
hidden
17%
rotten
17%
loathe
11%
Aucun quiz correspondant
Distribution des résultats
% des personnes avec chaque résultat
Percentile par nombre de réponses
Votre historique - résultats
Vous n’avez pas pris ce quiz